World Geography W - Statistics

General Stats
  • This quiz has been taken 86 times
  • The average score is 16 of 25
Answer Stats
Questions Answer % Correct
6) Capital of Poland Warsaw
97%
2) Capital of the United States Washington DC
97%
1) Southernmost capital on Earth Wellington
96%
23) One of the 4 countries that make up the UK Wales
95%
17) Genre of American film focusing on cowboys,gunfights, and frontier towns of long ago western
91%
15) Famous London abbey where royal coronationshave been held since the 11th century Westminster Abbey
90%
14) Belgian city where Napoleon met his defeat in 1815 Waterloo
88%
5) Large central Chinese city, capitalof the Hubei province Wuhan
88%
20) John Denver sang a famous tune aboutthis US state West Virginia
82%
3) Capital of Namibia Windhoek
81%
13) Cheyenne, Laramie, Cody, Casper Wyoming
81%
19) Midwest US state home to the Packers Wisconsin
79%
7) Capital of Manitoba Winnipeg
72%
21) Honolulu beach famous for its pristine sands and surfing Waikiki
68%
24) This disputed remote land in Africa is overseen by Morocco and a small part of the Sahrawi ARD Western Sahara
68%
11) Largest city in Kansas Wichita
59%
9) Large historical city in SW Poland known forits cathedrals and town center Wroclaw
51%
12) central Texas city home to Baylor University Waco
44%
8) Coastal city south of Sydney known for itsbeaches and surfing Wollongong
32%
22) Coastal city in south Florida close to Miami, known for its beaches, art and theaters West Palm Beach
24%
10) Historic German city where Martin Luther wasdeclared a heretic by the Edict Worms
24%
4) 4th largest city in Alaska, town of of Sarah Palin Wasilla
21%
16) North Carolina city home to Wake Forest University Winston-Salem
18%
18) Large city near Shanghai in eastern Chinaon the banks of Taihu lake Wuxi
17%
25) This Chinese emperor made Confucianism an official state doctrine Wudi
3%
No matching quizzes found
Score Distribution
Percent of People with Each Score
Percentile by Number Answered
Your Score History
You have not taken this quiz